000 00364pab a2200157 454500
008 180718b2001 xxu||||| |||| 00| 0 eng d
100 _aJacob, Sophy
245 _aHealth status of women: a reality check
260 _c2001
300 _ap.29-31
362 _aJan
650 _aHealth services
650 _aWomen
773 _aSocial Welfare
909 _a47397
999 _c47397
_d47397